00301nam a2200121Ia 4500008004100000082001800041100001700059245004700076250000800123260002400131300000700155650001700162150201s2010 xx 000 0 und d a612.015bP10P aPRAMILA , R. aPOCKET BOOK ON LABORATORY TESTS FOR NURSES a1ST bJAYPEEaDELHIc2010 a91 aBIOCHEMISTRY